000 nam a22 7a 4500
999 _c127406
_d127406
008 180116b xxu||||| |||| 00| 0 eng d
050 _aBX106.2
_b.A256
100 _aAfanassieff, Nicolas
_938501
245 _aL'eglise Du Saint-Esprit
_cNicolas Afanassieff
260 _aParis
_bLes Editions Du Cerf
_c1975
300 _a372p. ;
_c22cm.
650 _aEastern Church
_xDoctrines
_938502
700 _aDrobot, Marianne (tr.)
_938503
942 _2lcc
_cMONOGRAPH